The Commons Act 2006 (Record no. 78201)

MARC details
000 -LEADER
fixed length control field 01186cab a2200205 4500
001 - CONTROL NUMBER
control field L136225
008 - FIXED-LENGTH DATA ELEMENTS--GENERAL INFORMATION
fixed length control field 070118n2007 000 0 eng u
035 ## - SYSTEM CONTROL NUMBER
System control number (Sirsi) u136225
041 0# - LANGUAGE CODE
Language code of text/sound track or separate title eng
110 1# - MAIN ENTRY--CORPORATE NAME
Corporate name or jurisdiction name as entry element United Kingdom
Subordinate unit Department for Environment, Food and Rural Affairs
245 04 - TITLE STATEMENT
Title The Commons Act 2006
Remainder of title Protection of Common Land in England
260 ## - PUBLICATION, DISTRIBUTION, ETC.
Place of publication, distribution, etc. London
Name of publisher, distributor, etc. DEFRA
Date of publication, distribution, etc. 2007
520 ## - SUMMARY, ETC.
Summary, etc. Links to letters to consultees, list of consultees and the consultation document for the Commons Act 2006. The consultation invites views on proposals to reform the consents system for works and fencing on common land. It also proposes to reform the consents system for exchanging common land for equivalent land, and the possibility of charging for applications for both of these consents. These proposals are amongst the first steps towards implementing the Commons Act 2006 in England.
590 ## - LOCAL NOTE (RLIN)
Local note KA
650 24 - SUBJECT ADDED ENTRY--TOPICAL TERM
Topical term or geographic name entry element COMMONS ACT 2006
651 #4 - SUBJECT ADDED ENTRY--GEOGRAPHIC NAME
Geographic name England
Chronological subdivision 886-
690 ## - LOCAL SUBJECT ADDED ENTRY--TOPICAL TERM (OCLC, RLIN)
Topical term or geographic name as entry element PROPERTY-RURAL AND NATURAL ASSETS-LAND
856 ## - ELECTRONIC LOCATION AND ACCESS
Uniform Resource Identifier <a href="https://www.defra.gov.uk/corporate/consult/commonsact2006/index.htm">https://www.defra.gov.uk/corporate/consult/commonsact2006/index.htm</a>
Public note View the consultation papers free of charge at www.defra.gov.uk...
942 ## - ADDED ENTRY ELEMENTS (KOHA)
Suppress in OPAC 0
Holdings
Withdrawn status Lost status Source of classification or shelving scheme Damaged status Not for loan Home library Current library Shelving location Date acquired Total Checkouts Full call number Barcode Date last seen Copy number Price effective from Koha item type
    Dewey Decimal Classification     Virtual Virtual Online 18/01/2007   ONLINE PUBLICATION 136225-1001 06/08/2019 1 06/08/2019 Journal article